[Event "Chigorin Memorial 23rd"]
[Site "St Petersburg"]
[Date "2015.10.10"]
[Round "8"]
[White "Kuryshev, Ivan"]
[Black "Derakhshani, Borna"]
[Result "0-1"]
[WhiteElo "1989"]
[BlackElo "2186"]
[PlyCount "74"]
[EventDate "2015.10.03"]
[EventType "swiss"]
[EventRounds "9"]
[EventCountry "RUS"]
[SourceTitle "CBM 168 Extra"]
[Source "ChessBase"]
[SourceDate "2015.10.29"]
[SourceVersion "1"]
[SourceVersionDate "2015.10.29"]
[SourceQuality "1"]

1. d4 Nf6 2. c4 e6 3. g3 d5 4. Bg2 dxc4 5. Nf3 Nc6 6. Qa4 Bb4+ 7. Bd2 Nd5 8. Bxb4 Ndxb4 9. a3 b5 10. Qxb5 Nc2+ 11. Kd2 Bd7 12. Kxc2 Nxd4+ 13. Nxd4 Bxb5 14. Nxb5 Rb8 15. Bc6+ Kf8 16. N1c3 Qg5 17. Ne4 Qh5 18. Nbc3 Ke7 19. Rad1 Rhd8 20. h4 Qa5 21. Rxd8 Rxd8 22. Rd1 Qb6 23. Rxd8 Kxd8 24. Bb5 f5 25. Ng5 h6 26. Nh3 Ke7 27. e3 a6 28. Bxc4 Qc6 29. Kb3 Qg2 30. Nf4 Qxf2 31. Nxe6 Qxg3 32. Nxc7 Qxh4 33. N3d5+ Kd6 34. Ne8+ Kc5 35. Bd3 Kxd5 36. Nxg7 f4 37. exf4 Qg3 0-1